000 00547nam a2200241Ia 4500
008 210210b1959 xxu||||| |||| 00| 0 eng d
041 _aeng
082 _a370/84
100 _aTHUNDYIL (Thomas)
245 _aText book on theory of education and school organization
260 _aPlayamkottai
_b-
_c1959
650 _atheory
650 _aText
650 _aschool
650 _aorganization
650 _aon
650 _aof
650 _aeducation
650 _abook
650 _aand
690 _aEducation
906 _a005024
999 _c128707
_d128707